000 00490nam a22001817i 4500
001 3339
003 OSt
005 20170126082317.0
007 tu
008 161220s1996 xxu||||| |||| 00| 0 d
024 7 _a3338
_2RID
040 _cOSt
084 _a3.71
_a10.332
_a15.501
_a22.22
_2z
245 0 0 _aP“les de Croissance et de Decision a l'Est 1994-2015
_bEtude réalisée pour la DATAR convention no. 95.02
260 _aGrenoble,
_c1996.
300 _a322 S. ;
_c30cm.
110 2 _aEspace Europe
_eEd.
942 _cB
999 _c3289
_d3289